000 01325nam0a2200289 4500
001 RU\NLR\bibl\1479877
005 20260405195401.0
010 _a5-94973-004-6
021 _aRU
_b2009-108858
_96934
035 _a(NLR Aleph) 001471535
090 _a1646727
_c1646727
100 _a20100303d2009 |||y0rusy50 ca
101 0 _arus
102 _aRU
105 _aac |||||||||
200 1 _aЧетвертая рота
_eбыли IV выпуска Казанского СВУ
_fБ. Романов
210 _aМосква
_cГениус Медиа
_d2009
215 _a83 с.
_cил., портр.
_d21
300 _aНа 4-й с. обл. авт.: Романов Борис Григорьевич - доц.
601 0 2 _aКазанское суворовское военное училище
_bРота
_c4
_jВоспоминания, записки и т.п.
_92593220
_3RU\NLR\auth\661532368
686 _aЦ4,6(2)398.1,013
700 1 _4070
_8rus
_7ca
_aРоманов
_bБ. Г.
_cпреподаватель воен. училища
_f1935-
_gБорис Григорьевич
_3RU\NLR\auth\7787062
_969990
801 0 _aRU
_bNLR
_c20100303
_gRCR
801 1 _aRU
_bNLR
_c20100303
942 _cBOOK
980 _aNB